Dewey on education /

Hlavní autor: Dewey, John, 1859-1952
Jazyk: Angličtina
Vydáno: New York : Bureau of Publication, 1964
Vydání: 4.print.
Edice: Classics in Education
Fyzický popis: 134 s.
Knihy
Uloženo v:
LEADER 00638nam a22002052a 4500
001 000038212
003 CZ BrMZK
005 19951201143423.0
008 951201s1964 xxu f eng d
040 |a BOA001  |b cze 
100 1 |a Dewey, John,  |d 1859-1952  |7 jn20000601324 
245 1 0 |a Dewey on education /  |c John Dewey 
250 |a 4.print. 
260 |a New York :  |b Bureau of Publication,  |c 1964 
300 |a 134 s. 
490 1 |a Classics in Education ;  |v nr. 3 
830 0 |a Classics in Education 
910 |a BOA001  |b PK-0038.362 
990 |a BK 
996 7 |b 3119994348  |c PK-0038.362  |l MZK  |r Sklad / do 1 hodiny  |n 22  |w 000038212  |u 000010  |a 1  |e BOA001  |j MZK50  |s A